000 00427nam a2200181Ia 4500
001 4101
005 20260306145731.0
008 260306t2006||||xx |||||||||||||| ||spa||
041 _aESP
082 _a306.85
_bH12 Nº 73
100 _aCervera, José Manuel
_eAUT
245 0 _aHijos, tutores y padres
260 _c2006
300 _a282 páginas :
_c19 cm.
650 _aGEN
654 _aCED
942 _cLIB
_dJUS
_fJUS
_2ddc
_n
999 _c4101
_d4101